00877nam a2200229 a 450000100060000000300080000600500170001400800410003102000260007203500190009804000320011704100080014908200250015724502090018226000740039130000290046550400360049465000350053070000170056570000420058270000230062467483BD-RjUL20211209081648.0770504s1976 enka b 101 0 eng  a0856641340 :c£14.95 a(BD-RjUL)67614 aDLCcDLCdDLCdBD-RjULbeng aeng00223a338.18bPOL 197610aPolicy and practice in rural development :bproceedings of the second International Seminar on Change in Agriculture, Reading, 9-19 September 1974 /cedited by Guy Hunter, A. H. Bunting, Anthony Bottrall. aLondon :bCroom Helm [for] the Overseas Development Institute,c1976. a520 p. :bill. ;c23 cm. aIncludes Bibliography and index 0aAgriculturevEconomic aspects.1 aHunter, Guy.1 aBunting, A. H.q(Arthur Hugh),d1917-1 aBottrall, Anthony.